000 00218 a2200097 4500
001 59967
100 _a
245 _aHamman yaaran Dozakh
260 _aLahore
_bAl-Faisal Nashran
_c2008
090 _c36807
_d36807
942 _aNUST-CAE
_cMONOGRAPH
_c29788
999 _c295040
_d295040